হেমচন্দ্র-গ্রন্থাবলী / (Record no. 40204)
[ view plain ]
| 000 -LEADER | |
|---|---|
| fixed length control field | 01167nam a2200241 a 4500 |
| 001 - CONTROL NUMBER | |
| control field | 40204 |
| 003 - CONTROL NUMBER IDENTIFIER | |
| rucl marc code | BD-RjUL |
| 005 - DATE AND TIME OF LATEST TRANSACTION | |
| control field | 20211209053148.0 |
| 008 - FIXED-LENGTH DATA ELEMENTS--GENERAL INFORMATION | |
| fixed length control field | 160424m19541953ii ||||| |||| 00| 0 ben d |
| 035 ## - SYSTEM CONTROL NUMBER | |
| System control number | (BD-RjUL)40319 |
| 040 ## - CATALOGING SOURCE | |
| Original cataloging agency | BD-RjUL |
| Language of cataloging | ben |
| Transcribing agency | BD-RjUL |
| 041 ## - LANGUAGE CODE | |
| Language code of text/sound track or separate title | ben |
| 082 ## - DEWEY DECIMAL CLASSIFICATION NUMBER | |
| Edition number | 23 |
| Classification number | 891.44108 |
| Author mark and year | BAH V-1-2 1953-1954 |
| 100 1# - MAIN ENTRY--PERSONAL NAME | |
| Personal name | বন্দ্যোপাধ্যায়, হেমচন্দ্র |
| 9 (RLIN) | 123687 |
| 245 10 - TITLE STATEMENT | |
| Title | হেমচন্দ্র-গ্রন্থাবলী / |
| Statement of responsibility, etc. | হেমচন্দ্র বন্দ্যোপাধ্যায় ; সম্পাদক: সজনীকান্ত দাস |
| 260 ## - PUBLICATION, DISTRIBUTION, ETC. (IMPRINT) | |
| Place of publication, distribution, etc. | কলিকাতা : |
| Name of publisher, distributor, etc. | বঙ্গীয়-সাহিত্য, |
| Date of publication, distribution, etc. | ১৯৫৩ (আষাঢ়, ১৩৬০)- ১৯৫৪ (জ্যৈষ্ঠ, ১৩৬১) |
| 300 ## - PHYSICAL DESCRIPTION | |
| Pagination | খণ্ড ; |
| Size | ২৪ সেমি |
| 505 0# - FORMATTED CONTENTS NOTE | |
| Formatted contents note | খণ্ড ১ -- খণ্ড ২ -- |
| 650 ## - SUBJECT ADDED ENTRY--TOPICAL TERM | |
| Topical term or geographic name as entry element | বাংলা কবিতা |
| General subdivision | সংগ্রহ |
| 9 (RLIN) | 123809 |
| Topical term or geographic name as entry element | Bengali Poetry |
| General subdivision | Collection |
| 9 (RLIN) | 123810 |
| 700 ## - ADDED ENTRY--PERSONAL NAME | |
| Personal name | দাস, সজনীকান্ত, সম্পাদক |
| 942 ## - ADDED ENTRY ELEMENTS (KOHA) | |
| Source of classification or shelving scheme | Dewey Decimal Classification |
| Koha item type | Books |
| Lost status | Source of classification or shelving scheme | Damaged status | Not for loan | Collection code | Permanent Location | Current Location | Shelving location | Date acquired | Source of acquisition | Cost, normal purchase price | Total Checkouts | Full call number | Date last seen | Copy number | Koha item type |
|---|---|---|---|---|---|---|---|---|---|---|---|---|---|---|---|
| Dewey Decimal Classification | Not For Loan | Rare Books | Central Library, University of Rajshahi | Central Library, University of Rajshahi | Rare Book Section | 02/04/1957 | Kamola Book | 10.00 | BRA 891.44108 BAH V-2 11953 | 24/04/2016 | C-1 | Rare Books | |||
| Dewey Decimal Classification | Fiction | Central Library, University of Rajshahi | Central Library, University of Rajshahi | 06/02/1958 | Kamala Book | 20.00 | B 891.44108 BAH V-2 1953 | 12/05/2016 | C-2 | Books | |||||
| Dewey Decimal Classification | Non-fiction | Central Library, University of Rajshahi | Central Library, University of Rajshahi | 06/02/1958 | Kamala Book | 20.00 | B 891.44108 BAH V-2 1953 | 30/05/2016 | C-3 | Books | |||||
| Dewey Decimal Classification | Non-fiction | Central Library, University of Rajshahi | Central Library, University of Rajshahi | 24/01/1967 | Dacca, Nowroze Kitabistan | 12.50 | B 891.44108 BAH V-2 1953 | 20/07/2016 | C-4 | Books | |||||
| Dewey Decimal Classification | Non-fiction | Central Library, University of Rajshahi | Central Library, University of Rajshahi | 03/04/1957 | Kamala Book | 10.00 | B 891.44108 BAH V-1 1954 | 18/08/2016 | C-2 | Books | |||||
| Dewey Decimal Classification | Non-fiction | Central Library, University of Rajshahi | Central Library, University of Rajshahi | 23/01/1967 | Dacca, Nowroze Kitabistan | 12.50 | B 891.44108 BAH V-1 1954 | 20/08/2016 | C-3 | Books | |||||
| Dewey Decimal Classification | Non-fiction | Central Library, University of Rajshahi | Central Library, University of Rajshahi | 21/11/1962 | Kamala Book | 10.00 | B 891.44108 BAH V-1 1954 | 21/09/2016 | C-4 | Books | |||||
| Dewey Decimal Classification | Not For Loan | Non-fiction | Central Library, University of Rajshahi | Central Library, University of Rajshahi | Rare Book Section | 06/02/1958 | Kamala Book | 20.00 | BRA 891.44108 BAH V-1 1954 | 20/02/2017 | C-1 | Rare Books | |||
| Dewey Decimal Classification | Fiction | Central Library, University of Rajshahi | Central Library, University of Rajshahi | 19/03/2020 | B 891.44108 BAH V-1 1954 | 19/03/2020 | C-5 | Books | |||||||
| Dewey Decimal Classification | Fiction | Central Library, University of Rajshahi | Central Library, University of Rajshahi | 19/03/2020 | B 891.44108 BAH V-2 1953 | 19/03/2020 | C-5 | Books |